000 00297nam a22001337a 4500
020 _a978-81-943727-0-7
082 _a894.812.3
_bKAL/K
100 _aKALLOOR,RAJI
245 _aKUNJITHAVALAYUDE AHANKARAM
260 _aTHRISSUR
_bH&C STORES
300 _a48
650 _aSTORY
_zKERALA
942 _cBK
999 _c7105
_d7105